000 00293nam a22001217a 4500
008 180606b xxu||||| |||| 00| 0 eng d
041 _aeng
080 _a043.3
100 _a0
101 _aSHKI-BA
245 _aImplementimi i IPTV ne Sistemet Telekomunikuese
_cBajrami, M
942 _2udc
_cBK
999 _c46464
_d46464